[Event "Berlin-ch MT"]
[Site "Berlin"]
[Date "2018.04.01"]
[Round "2"]
[White "Wilde, Fabian"]
[Black "Brustkern, Juergen"]
[Result "1-0"]
[WhiteElo "2058"]
[BlackElo "2254"]
[PlyCount "89"]
[EventDate "2018.03.31"]
[EventType "swiss"]
[EventRounds "9"]
[EventCountry "GER"]
[SourceTitle "EXT 2020"]
[Source "ChessBase"]
[SourceDate "2019.10.17"]
[SourceVersion "1"]
[SourceVersionDate "2019.10.17"]
[SourceQuality "1"]

1. d4 Nf6 2. Nf3 g6 3. Nbd2 Bg7 4. e4 d6 5. Be2 0-0 6. 0-0 Nc6 7. c3 e5 8. dxe5 dxe5 9. a4 a5 10. b3 h6 11. Qc2 Nh5 12. g3 Kh8 13. Re1 f5 14. Ba3 Re8 15. Rad1 Qf6 16. exf5 gxf5 17. Nxe5 Qxe5 18. Bxh5 Qxe1+ 19. Rxe1 Rxe1+ 20. Kg2 Ne5 21. Nf3 Nxf3 22. Bxf3 Be6 23. c4 Re8 24. Bxb7 Re2 25. Qd3 Ra2 26. Bc1 Bg8 27. Bf3 c5 28. Qd6 Re1 29. Bf4 Rb2 30. Qxc5 Rxb3 31. Qxa5 Rxf3 32. Kxf3 Re4 33. Qxf5 Rxc4 34. a5 Rd4 35. a6 Ra4 36. Be5 Rxa6 37. Bxg7+ Kxg7 38. Qd7+ Bf7 39. Qd4+ Rf6+ 40. Kg2 Be8 41. f4 Bc6+ 42. Kf2 Kf7 43. g4 Ke7 44. f5 Rd6 45. Qg7+ 1-0